000 00265nam a22001097a 4500
008 170112b xxu||||| |||| 00| 0 eng d
020 _a9780721600116
041 _aeng
080 _23RD
_a618.2
245 _a\UNDERSTANDING NURSING RESEARCH
_cBURNS, N
942 _2udc
_cBK
999 _c2770
_d2770